The Golden age of science: thirty portraits of the giants of 19th-century science

محفوظ في:
التفاصيل البيبلوغرافية
المؤلف الرئيسي: Jones, Bessie Zaban
التنسيق: كتاب
اللغة:Undetermined
منشور في: New York Simon and Schuster 1966
الموضوعات:
الوسوم: إضافة وسم
لا توجد وسوم, كن أول من يضع وسما على هذه التسجيلة!
Thư viện lưu trữ: Trung tâm Học liệu Trường Đại học Cần Thơ
LEADER 00701nam a2200217Ia 4500
001 CTU_126213
008 210402s9999 xx 000 0 und d
082 |a 509.22 
082 |b J76 
100 |a Jones, Bessie Zaban 
245 4 |a The Golden age of science: 
245 0 |b thirty portraits of the giants of 19th-century science 
245 0 |c by their scientific contemporaries. Edited by Bessie Zaban Jones, with an introd. by Everett Mendelsohn 
260 |a New York 
260 |b Simon and Schuster 
260 |c 1966 
650 |a Science,Scientist 
650 |x History,Biography 
650 |y 19th century 
904 |i Nguyên 
980 |a Trung tâm Học liệu Trường Đại học Cần Thơ